Ảnh hưởng của Bèo hoa dâu (Azolla sp.) kết hợp với phương pháp cải tiến (SRI) lên dinh dưỡng đất và năng suất lúa (Oryza sativar L.) trong điều kiện nhà lưới : Báo cáo tổng kết đề tài Khoa học và Công nghệ cấp trường

Nghiên cứu nhằm đánh giá ảnh hưởng của bèo hoa dâu lên sinh trưởng và năng suất lúa cũng như một số đặc tính hóa và sinh học đất khi trồng lúa theo phương pháp lúa cải tiến SRI trong điều kiện nhà lưới, đồng thời cũng nhằm so sánh hiệu...

पूर्ण विवरण

में बचाया:
ग्रंथसूची विवरण
मुख्य लेखक: Nguyễn, Khởi Nghĩa
स्वरूप: पुस्तक
भाषा:Undetermined
प्रकाशित: Cần Thơ Trường Đại học Cần Thơ 2017
विषय:
टैग : टैग जोड़ें
कोई टैग नहीं, इस रिकॉर्ड को टैग करने वाले पहले व्यक्ति बनें!
Thư viện lưu trữ: Trung tâm Học liệu Trường Đại học Cần Thơ
LEADER 01576nam a2200205Ia 4500
001 CTU_230063
008 210402s9999 xx 000 0 und d
082 |a 633.18 
082 |b Ngh301 
100 |a Nguyễn, Khởi Nghĩa 
245 0 |a Ảnh hưởng của Bèo hoa dâu (Azolla sp.) kết hợp với phương pháp cải tiến (SRI) lên dinh dưỡng đất và năng suất lúa (Oryza sativar L.) trong điều kiện nhà lưới : 
245 0 |b Báo cáo tổng kết đề tài Khoa học và Công nghệ cấp trường 
245 0 |c Nguyễn Khởi Nghĩa (Chủ nhiệm đề tài) 
260 |a Cần Thơ 
260 |b Trường Đại học Cần Thơ 
260 |c 2017 
520 |a Nghiên cứu nhằm đánh giá ảnh hưởng của bèo hoa dâu lên sinh trưởng và năng suất lúa cũng như một số đặc tính hóa và sinh học đất khi trồng lúa theo phương pháp lúa cải tiến SRI trong điều kiện nhà lưới, đồng thời cũng nhằm so sánh hiệu quả của bèo hoa dâu với một số phân hữu cơ khác lên sinh trưởng và năng suất lúa cũng như một số đặc tính hóa và sinh học đất khi trồng lúa theo phương pháp cải tiến SRI trong điều kiện nhà lưới. 
650 |a Cây lúa,Rice 
910 |b nthai 
980 |a Trung tâm Học liệu Trường Đại học Cần Thơ